[Event "BCF-chT1a 0910 (4NCL)"]
[Site "England"]
[Date "2010.01.16"]
[Round "3.8"]
[White "Nitz, Tomos"]
[Black "Auckland, Elliott"]
[Result "0-1"]
[WhiteElo "2090"]
[BlackElo "2010"]
[PlyCount "98"]
[EventDate "2009.10.24"]
[EventType "team-tourn"]
[EventRounds "7"]
[EventCountry "ENG"]
[SourceTitle "EXT 2011"]
[Source "ChessBase"]
[SourceDate "2010.11.26"]
[SourceVersion "1"]
[SourceVersionDate "2010.11.26"]
[SourceQuality "1"]
[WhiteTeam "Oxford"]
[BlackTeam "Pride and Prejudice"]
[WhiteTeamCountry "ENG"]
[BlackTeamCountry "ENG"]

1. e4 c5 2. d3 e6 3. g3 d5 4. Nd2 Nf6 5. Bg2 Be7 6. Ne2 Nc6 7. 0-0 0-0 8. c3 Qc7 9. Nf4 Rd8 10. Re1 b6 11. exd5 exd5 12. c4 dxc4 13. Rxe7 Qxe7 14. Bxc6 Bg4 15. f3 Rac8 16. fxg4 Rxc6 17. Nxc4 b5 18. Ne3 c4 19. Qf3 Qc5 20. Bd2 g5 21. Nfg2 Rxd3 22. Bb4 Qb6 23. Rf1 Re6 24. Kh1 Qc6 25. Qxc6 Rxc6 26. Nf5 Nd5 27. Ne7+ Nxe7 28. Bxe7 Rd2 29. Bxg5 Rxb2 30. Ne3 c3 31. Nf5 Re6 32. Nh6+ Kf8 33. Nxf7 Ke8 34. Bc1 Rbe2 35. Ba3 Re1 36. Nd6+ Kd7 37. Rxe1 Rxe1+ 38. Kg2 c2 39. Nxb5 Ra1 40. Nc3 c1Q 41. Bxc1 Rxc1 42. Nb5 Rc2+ 43. Kf3 Rxa2 44. h4 a5 45. g5 Rb2 46. Nd4 a4 47. h5 a3 48. g6 hxg6 49. h6 Rh2 0-1

[Event "BCF-chT1c 0809 (4NCL) Promotion pool"]
[Site "England"]
[Date "2009.05.02"]
[Round "9.8"]
[White "Hanley, Craig"]
[Black "Auckland, Elliott"]
[Result "1-0"]
[WhiteElo "2430"]
[BlackElo "2002"]
[PlyCount "85"]
[EventDate "2008.10.04"]
[EventType "team-tourn"]
[EventRounds "4"]
[EventCountry "ENG"]
[SourceTitle "EXT 2010"]
[Source "ChessBase"]
[SourceDate "2010.11.25"]
[SourceVersion "1"]
[SourceVersionDate "2010.11.25"]
[SourceQuality "1"]
[WhiteTeam "Wood Green Hilsmark Kingfisher"]
[BlackTeam "Pride and Prejudice"]
[WhiteTeamCountry "ENG"]
[BlackTeamCountry "ENG"]

1. e4 c5 2. Nf3 e6 3. d4 cxd4 4. Nxd4 a6 5. Nc3 Qc7 6. Be2 Nf6 7. 0-0 Be7 8. f4 d6 9. Be3 Nbd7 10. Bf3 Rb8 11. g4 h6 12. a4 g6 13. Qd2 Nb6 14. b3 e5 15. g5 exf4 16. Bxf4 hxg5 17. Bxg5 Bh3 18. Bg2 Bxg2 19. Rxf6 Bxf6 20. Bxf6 Rh3 21. Ndb5 axb5 22. Nxb5 Qd7 23. Qxd6 Qxd6 24. Nxd6+ Kd7 25. Kxg2 Rxh2+ 26. Kxh2 Kxd6 27. Kg3 Nd7 28. Bd4 Re8 29. Kf4 Nc5 30. Bxc5+ Kxc5 31. Rd1 g5+ 32. Ke3 g4 33. Rd7 g3 34. Rxf7 Rg8 35. Rf1 Kb4 36. Rg1 Rc8 37. Rxg3 Rxc2 38. Kd4 Rd2+ 39. Rd3 Re2 40. e5 b6 41. Kd5 b5 42. axb5 Kxb5 43. e6 1-0

[Event "BCF-chT1b 0809 (4NCL)"]
[Site "England"]
[Date "2009.01.18"]
[Round "6.8"]
[White "Auckland, Elliott"]
[Black "Smith, Olivia"]
[Result "0-1"]
[WhiteElo "2014"]
[BlackElo "1996"]
[PlyCount "73"]
[EventDate "2008.10.04"]
[EventType "team-tourn"]
[EventRounds "7"]
[EventCountry "ENG"]
[SourceTitle "EXT 2010"]
[Source "ChessBase"]
[SourceDate "2010.11.25"]
[SourceVersion "1"]
[SourceVersionDate "2010.11.25"]
[SourceQuality "1"]
[WhiteTeam "Pride and Prejudice"]
[BlackTeam "Bristol"]
[WhiteTeamCountry "ENG"]
[BlackTeamCountry "ENG"]

1. d4 Nf6 2. Nf3 d5 3. c4 e6 4. Nc3 Be7 5. Bf4 c6 6. e3 Nbd7 7. h3 0-0 8. c5 Ne4 9. Rc1 f5 10. Nd2 e5 11. Bh2 Bh4 12. g3 Bf6 13. Bg2 exd4 14. Ndxe4 fxe4 15. exd4 Bg5 16. Rc2 e3 17. f4 Bf6 18. Re2 Re8 19. Qd3 b6 20. Rxe3 Ba6 21. Qd2 bxc5 22. Nxd5 cxd4 23. Rxe8+ Qxe8+ 24. Kd1 cxd5 25. Bxd5+ Kh8 26. Bxa8 Qxa8 27. Re1 Nb6 28. Bg1 d3 29. Bxb6 axb6 30. Qe3 Bb5 31. Qxb6 Qf3+ 32. Kc1 d2+ 33. Kxd2 Qg2+ 34. Ke3 Qxg3+ 35. Kd2 Qxf4+ 36. Kd1 Bg5 37. Re3 0-1

[Event "BCF-chT1b 0809 (4NCL)"]
[Site "England"]
[Date "2008.10.05"]
[Round "2.8"]
[White "Regan, Natasha"]
[Black "Auckland, Elliott"]
[Result "0-1"]
[WhiteElo "2197"]
[BlackElo "2017"]
[PlyCount "74"]
[EventDate "2008.10.04"]
[EventType "team-tourn"]
[EventRounds "7"]
[EventCountry "ENG"]
[SourceTitle "CBM 126 Extra"]
[Source "ChessBase"]
[SourceDate "2008.11.05"]
[SourceVersion "1"]
[SourceVersionDate "2008.11.05"]
[SourceQuality "1"]
[WhiteTeam "Barbican II"]
[BlackTeam "Pride and Prejudice"]
[WhiteTeamCountry "ENG"]
[BlackTeamCountry "ENG"]

1. e4 c5 2. d4 cxd4 3. c3 dxc3 4. Nxc3 e6 5. Nf3 Nc6 6. Bc4 a6 7. Qe2 b5 8. Bb3 Nge7 9. Bg5 f6 10. Bh4 Ng6 11. Bg3 Bb4 12. 0-0 0-0 13. Rfd1 Qe8 14. a4 Bxc3 15. bxc3 bxa4 16. Bxa4 e5 17. Nd2 Nf4 18. Qc4+ Ne6 19. Nf1 Qe7 20. Ne3 Qc5 21. Qa2 Kh8 22. Rac1 Rb8 23. Rd5 Nb4 24. cxb4 Qxc1+ 25. Rd1 Qc7 26. Nd5 Qa7 27. Kh1 Nd4 28. f4 d6 29. Qd2 Bd7 30. Bxd7 Qxd7 31. Bf2 Nc6 32. Nb6 Qc7 33. Qxd6 Qxd6 34. Rxd6 Nxb4 35. Bc5 Rfd8 36. fxe5 fxe5 37. Nd7 Rbc8 0-1

[Event "GBR-ch 95th"]
[Site "Liverpool"]
[Date "2008.08.07"]
[Round "10"]
[White "Goodger, Martyn"]
[Black "Auckland, Elliott"]
[Result "1-0"]
[WhiteElo "2187"]
[BlackElo "1990"]
[PlyCount "59"]
[EventDate "2008.07.28"]
[EventType "swiss"]
[EventRounds "11"]
[EventCountry "ENG"]
[SourceTitle "CBM 125 Extra"]
[Source "ChessBase"]
[SourceDate "2008.09.01"]
[SourceVersion "1"]
[SourceVersionDate "2008.09.01"]
[SourceQuality "1"]

1. e4 c5 2. Nf3 e6 3. c3 d5 4. exd5 exd5 5. d4 Nf6 6. Bb5+ Bd7 7. Bxd7+ Nbxd7 8. 0-0 Be7 9. dxc5 Nxc5 10. Nbd2 0-0 11. Nb3 Ne6 12. Be3 Ng4 13. Qd3 Nxe3 14. Qxe3 Bd6 15. Rad1 a5 16. Qd2 Nc7 17. Nbd4 Qf6 18. Qd3 Rfd8 19. Nb5 Ne6 20. Nxd6 Rxd6 21. Nd4 Rb6 22. b3 Nxd4 23. Qxd4 Qxd4 24. Rxd4 Rc6 25. Rxd5 Rxc3 26. Rb5 a4 27. bxa4 Rc2 28. Rxb7 Rxa2 29. Rfb1 g6 30. Rb8+ 1-0

[Event "GBR-ch 95th"]
[Site "Liverpool"]
[Date "2008.07.29"]
[Round "2"]
[White "Auckland, Elliott"]
[Black "Buckley, Graeme N"]
[Result "0-1"]
[WhiteElo "1990"]
[BlackElo "2401"]
[PlyCount "72"]
[EventDate "2008.07.28"]
[EventType "swiss"]
[EventRounds "11"]
[EventCountry "ENG"]
[SourceTitle "CBM 125 Extra"]
[Source "ChessBase"]
[SourceDate "2008.09.01"]
[SourceVersion "1"]
[SourceVersionDate "2008.09.01"]
[SourceQuality "1"]

1. d4 Nf6 2. c4 e6 3. Nc3 Bb4 4. e3 c5 5. Bd3 d5 6. Nge2 Nc6 7. a3 Bxc3+ 8. bxc3 0-0 9. 0-0 dxc4 10. Bxc4 Qc7 11. f3 Rd8 12. Ba2 b6 13. Qe1 Ba6 14. Qf2 e5 15. dxc5 e4 16. f4 bxc5 17. c4 Rd3 18. Qh4 Rb8 19. Ng3 Qd7 20. Nh5 Nxh5 21. Qxh5 f5 22. g4 Rf8 23. Rb1 fxg4 24. Bb2 Rxe3 25. Qxc5 Rd3 26. Bxg7 Kxg7 27. Qg5+ Kh8 28. Qh6 Qd4+ 29. Kh1 Qf6 30. Qh5 Bc8 31. Rb5 Nd4 32. Bb1 Rh3 33. Qd5 Nxb5 34. cxb5 g3 35. Bxe4 Rxh2+ 36. Kg1 Qb6+ 0-1

[Event "BCF-chT4 0708 (4NCL)"]
[Site "England"]
[Date "2008.05.04"]
[Round "10.3"]
[White "Grant, David"]
[Black "Auckland, Elliott"]
[Result "1-0"]
[WhiteElo "1964"]
[BlackElo "1979"]
[PlyCount "77"]
[EventDate "2007.09.15"]
[EventType "team-swiss"]
[EventRounds "11"]
[EventCountry "ENG"]
[SourceTitle "EXT 2009"]
[Source "ChessBase"]
[SourceDate "2008.11.26"]
[SourceVersion "1"]
[SourceVersionDate "2008.11.26"]
[SourceQuality "1"]
[WhiteTeam "Sussex Smart Controls"]
[BlackTeam "Conquistadors"]
[WhiteTeamCountry "ENG"]
[BlackTeamCountry "ENG"]

1. e4 c5 2. c3 e6 3. Nf3 Ne7 4. d3 d5 5. Nbd2 Nbc6 6. g3 Ng6 7. h4 Bd6 8. Qe2 Bc7 9. h5 Nge7 10. e5 d4 11. c4 Nb4 12. Ne4 Bb8 13. Bg2 Nec6 14. h6 g6 15. Bg5 Qa5 16. 0-0 Qa4 17. b3 Qa5 18. Bf6 0-0 19. Bg7 f5 20. Nf6+ Rxf6 21. exf6 Nd8 22. Ng5 Qb6 23. a3 Na6 24. Bd5 Nc7 25. Rfe1 Qd6 26. f7+ Nxf7 27. Nxf7 Kxf7 28. Be5 Qd7 29. Bg2 a5 30. g4 Ne8 31. Bxb8 Rxb8 32. Qe5 Qd6 33. Qh8 Bd7 34. Qxh7+ Kf6 35. gxf5 gxf5 36. f4 Bc6 37. Re5 Qf8 38. Bxc6 bxc6 39. Rae1 1-0

[Event "BCF-chT4 0708 (4NCL)"]
[Site "England"]
[Date "2008.03.15"]
[Round "7.5"]
[White "Auckland, Elliott"]
[Black "Bryant, Kevin"]
[Result "1-0"]
[WhiteElo "1925"]
[BlackElo "1920"]
[PlyCount "61"]
[EventDate "2007.09.15"]
[EventType "team-swiss"]
[EventRounds "11"]
[EventCountry "ENG"]
[SourceTitle "EXT 2009"]
[Source "ChessBase"]
[SourceDate "2008.11.26"]
[SourceVersion "1"]
[SourceVersionDate "2008.11.26"]
[SourceQuality "1"]
[WhiteTeam "Conquistadors"]
[BlackTeam "Littlehorpe"]
[WhiteTeamCountry "ENG"]
[BlackTeamCountry "ENG"]

1. d4 d6 2. c4 e5 3. d5 f5 4. Nc3 Nf6 5. Qc2 Be7 6. e4 f4 7. g3 fxg3 8. hxg3 c5 9. Bh3 a6 10. a4 Bg4 11. Bxg4 Nxg4 12. Nh3 Nd7 13. Qe2 Ngf6 14. Nd1 b5 15. axb5 axb5 16. Rxa8 Qxa8 17. cxb5 Qa4 18. Nc3 Qb4 19. Ng5 0-0 20. 0-0 c4 21. Ne6 Rc8 22. Be3 Bd8 23. Ra1 Bb6 24. Bxb6 Nxb6 25. Ra7 Nbd7 26. Qc2 Nc5 27. Rxg7+ Kh8 28. Rf7 Ncxe4 29. Kg2 Nxc3 30. bxc3 Qb3 31. Qf5 1-0

[Event "BCF-chT4 0708 (4NCL)"]
[Site "England"]
[Date "2008.03.15"]
[Round "7.5"]
[White "McMahon, Paul"]
[Black "Auckland, Elliott"]
[Result "1/2-1/2"]
[WhiteElo "2034"]
[BlackElo "1925"]
[PlyCount "99"]
[EventDate "2007.09.15"]
[EventType "team-swiss"]
[EventRounds "11"]
[EventCountry "ENG"]
[SourceTitle "EXT 2009"]
[Source "ChessBase"]
[SourceDate "2008.11.26"]
[SourceVersion "1"]
[SourceVersionDate "2008.11.26"]
[SourceQuality "1"]
[WhiteTeam "Poisoned Pawns II"]
[BlackTeam "Conquistadors"]
[WhiteTeamCountry "ENG"]
[BlackTeamCountry "ENG"]

1. Nc3 d5 2. e4 d4 3. Nce2 c5 4. Ng3 Nc6 5. Bc4 a6 6. Nf3 e6 7. a4 Qc7 8. d3 Bd6 9. 0-0 Nf6 10. c3 Rb8 11. Nh4 b5 12. axb5 axb5 13. Bb3 Be7 14. f4 Qb6 15. Kh1 h5 16. Qe1 Qd8 17. e5 Nd5 18. Nf3 Nb6 19. cxd4 Nxd4 20. Nxd4 cxd4 21. Bd2 Nd5 22. Ne4 Bb7 23. Qf2 f5 24. exf6 Bxf6 25. f5 e5 26. Nc5 Qd6 27. Nxb7 Rxb7 28. Ra8+ Bd8 29. Qf3 Rd7 30. Ba5 Nc7 31. Bxc7 Rxc7 32. Be6 Rh6 33. Qe2 Rc5 34. h3 Qc6 35. Rc8 Qd6 36. Rxc5 Qxc5 37. Qd2 Bc7 38. Rc1 Qd6 39. Qc2 Kd8 40. Qc5 Rf6 41. Qxb5 e4 42. g3 e3 43. Qb7 Rxe6 44. fxe6 e2 45. Qe4 Ke7 46. Qg6 Qc6+ 47. Rxc6 e1Q+ 48. Kg2 Qe2+ 49. Kg1 Qe1+ 50. Kg2 1/2-1/2

[Event "Blackpool op 32nd"]
[Site "Blackpool"]
[Date "2008.03.09"]
[Round "5"]
[White "Auckland, Elliott"]
[Black "Parmar, Amisha"]
[Result "1/2-1/2"]
[WhiteElo "1925"]
[BlackElo "1995"]
[PlyCount "21"]
[EventDate "2008.03.07"]
[EventType "swiss"]
[EventRounds "5"]
[EventCountry "ENG"]
[SourceTitle "CBM 123 Extra"]
[Source "ChessBase"]
[SourceDate "2008.05.06"]
[SourceVersion "1"]
[SourceVersionDate "2008.05.06"]
[SourceQuality "1"]

1. d4 Nf6 2. c4 g6 3. Nc3 Bg7 4. e4 d6 5. Bg5 0-0 6. Qd2 Nbd7 7. f3 c5 8. d5 Qa5 9. Nh3 a6 10. Be2 Rb8 11. a4 1/2-1/2

[Event "Hastings Masters op 83rd"]
[Site "Hastings"]
[Date "2007.12.30"]
[Round "3"]
[White "Radovanovic, Jovica"]
[Black "Auckland, Elliott"]
[Result "1-0"]
[WhiteElo "2355"]
[BlackElo "1910"]
[PlyCount "169"]
[EventDate "2007.12.28"]
[EventType "swiss"]
[EventRounds "10"]
[EventCountry "ENG"]
[SourceTitle "CBM 122 Extra"]
[Source "ChessBase"]
[SourceDate "2008.03.04"]
[SourceVersion "1"]
[SourceVersionDate "2008.03.04"]
[SourceQuality "1"]

1. e4 e5 2. Nf3 Nf6 3. Nxe5 d6 4. Nf3 Nxe4 5. d4 d5 6. Bd3 Nc6 7. 0-0 Be7 8. Nc3 Bf5 9. Re1 Nxc3 10. bxc3 Bxd3 11. Qxd3 0-0 12. Rb1 b6 13. Bf4 Bd6 14. Ng5 g6 15. Qh3 h5 16. Qg3 Bxf4 17. Qxf4 Qd6 18. Qxd6 cxd6 19. Nh3 Rfe8 20. Nf4 Ne7 21. Re3 Rab8 22. Kf1 b5 23. Ke1 Kf8 24. Kd2 Rb7 25. h4 Reb8 26. Re2 Rc8 27. f3 Rc4 28. Rb4 a5 29. Rxc4 dxc4 30. g4 hxg4 31. fxg4 b4 32. Rh2 b3 33. axb3 cxb3 34. cxb3 Rxb3 35. Kd3 Ra3 36. Rb2 Ra1 37. Rb8+ Kg7 38. Rb7 Kf8 39. Rb8+ Kg7 40. Rb7 Kf8 41. Ke4 Rg1 42. Nd5 Nxd5 43. Kxd5 Rxg4 44. Kxd6 a4 45. Ra7 Rxh4 46. Rxa4 g5 47. Ke5 g4 48. Kf4 Kg7 49. Ra5 f6 50. Rc5 Kg6 51. Kg3 Rh1 52. Kxg4 f5+ 53. Kf4 Rf1+ 54. Kg3 Kf6 55. Rc6+ Ke7 56. c4 Rd1 57. d5 Rd4 58. Kf3 Kd7 59. Ke3 Rg4 60. Kd3 Rf4 61. Rh6 Rg4 62. Rf6 Rf4 63. Kc3 Ke7 64. Re6+ Kd7 65. Rh6 Re4 66. Rf6 Rf4 67. Kb4 Ke7 68. Re6+ Kd7 69. Kc5 Rf1 70. Kd4 Rf4+ 71. Kd3 Rf3+ 72. Re3 Rf1 73. Rh3 Rf4 74. c5 Rf1 75. Rh7+ Kd8 76. c6 Rd1+ 77. Kc4 f4 78. Rf7 Rc1+ 79. Kd4 Rf1 80. Ke5 f3 81. Kd6 Ke8 82. c7 Kxf7 83. c8Q f2 84. Qf5+ Ke8 85. Qe4+ 1-0

[Event "Hastings Masters op 83rd"]
[Site "Hastings"]
[Date "2007.12.28"]
[Round "1"]
[White "Norinkeviciute, Rasa"]
[Black "Auckland, Elliott"]
[Result "0-1"]
[WhiteElo "2064"]
[BlackElo "1910"]
[PlyCount "144"]
[EventDate "2007.12.28"]
[EventType "swiss"]
[EventRounds "10"]
[EventCountry "ENG"]
[SourceTitle "CBM 122 Extra"]
[Source "ChessBase"]
[SourceDate "2008.03.04"]
[SourceVersion "1"]
[SourceVersionDate "2008.03.04"]
[SourceQuality "1"]

1. c4 Nf6 2. g3 g6 3. Bg2 d5 4. cxd5 Nxd5 5. Nc3 Nb6 6. Nf3 Bg7 7. d4 Nc6 8. e3 e5 9. d5 Ne7 10. e4 f5 11. exf5 gxf5 12. Ng5 Ng6 13. Qh5 Qe7 14. 0-0 Nd7 15. Ne6 Ndf8 16. Bg5 Qd7 17. Rad1 Qf7 18. Nd8 Qd7 19. Ne6 Qf7 20. Nxg7+ Qxg7 21. Bh6 Qf7 22. Rfe1 Bd7 23. f4 0-0-0 24. fxe5 Nxe5 25. Qxf7 Nxf7 26. Be3 a6 27. Bd4 Rg8 28. Re7 Nd6 29. Kh1 Re8 30. Rxe8+ Nxe8 31. Rf1 Nd6 32. Bh3 Ng6 33. Bc5 Rf8 34. Ne2 b6 35. Bxd6 cxd6 36. Nf4 Ne7 37. Re1 Rf7 38. Bf1 b5 39. Kg2 Ng6 40. Rc1+ Kb8 41. Re1 Kb7 42. Bd3 Kb6 43. b4 Ne5 44. Bc2 Bc8 45. Ne6 Bb7 46. Nf4 Ng6 47. Bb3 Ne5 48. Rc1 Nc4 49. a4 Ne3+ 50. Kf2 Ng4+ 51. Kg1 bxa4 52. Bxa4 Ne3 53. Rc3 Re7 54. Rd3 Re5 55. Bb3 Re4 56. h3 Kb5 57. Kf2 Nc4 58. Ba2 Nb2 59. Rd2 Rxb4 60. Ne6 Bc8 61. Nd4+ Kb6 62. Bb1 Nc4 63. Rd1 Rb2+ 64. Kf3 Nd2+ 65. Rxd2 Rxd2 66. Ke3 Rb2 67. Bd3 a5 68. Nc2 a4 69. Na3 Rb3 70. Nc4+ Kc5 71. Na5 Ra3 72. Nc4 Rxd3+ 0-1

[Event "BCF-chT4 0607 (4NCL)"]
[Site "Sunningdale"]
[Date "2007.03.24"]
[Round "7.86"]
[White "Taylor, Geoffrey P"]
[Black "Auckland, Elliott"]
[Result "1/2-1/2"]
[WhiteElo "2077"]
[BlackElo "1850"]
[PlyCount "36"]
[EventDate "2006.09.16"]
[EventType "team"]
[EventRounds "11"]
[EventCountry "ENG"]
[SourceTitle "EXT 2008"]
[Source "ChessBase"]
[SourceDate "2007.11.25"]
[SourceVersion "1"]
[SourceVersionDate "2007.11.25"]
[SourceQuality "1"]
[WhiteTeam "Gloucestershire Gambits"]
[BlackTeam "Conquistadors"]
[WhiteTeamCountry "ENG"]
[BlackTeamCountry "ENG"]

1. e4 e5 2. Nf3 Nf6 3. d4 Nxe4 4. Bd3 d5 5. dxe5 Be7 6. 0-0 0-0 7. c4 Bf5 8. Qe1 Nc6 9. Nc3 Bb4 10. a3 Bxc3 11. bxc3 Na5 12. Nd4 Bg6 13. f4 Nc5 14. Bxg6 hxg6 15. e6 Qd6 16. cxd5 Qxd5 17. exf7+ Rxf7 18. Qg3 Nab3 1/2-1/2

[Event "Hastings Masters op 82nd"]
[Site "Hastings"]
[Date "2007.01.01"]
[Round "5"]
[White "Auckland, Elliott"]
[Black "Wilson, Alexandra"]
[Result "0-1"]
[WhiteElo "1850"]
[BlackElo "2056"]
[PlyCount "150"]
[EventDate "2006.12.28"]
[EventType "swiss"]
[EventRounds "9"]
[EventCountry "ENG"]
[SourceTitle "CBM 116 Extra"]
[Source "ChessBase"]
[SourceDate "2007.03.07"]
[SourceVersion "1"]
[SourceVersionDate "2007.03.07"]
[SourceQuality "1"]

1. d4 Nf6 2. c4 g6 3. Nc3 d5 4. cxd5 Nxd5 5. e4 Nxc3 6. bxc3 Bg7 7. Bc4 0-0 8. Ne2 c5 9. 0-0 Nc6 10. Be3 Qa5 11. Rb1 a6 12. Qb3 b5 13. Bd5 Bb7 14. a4 e6 15. Bxe6 fxe6 16. Qxe6+ Kh8 17. Qd7 Nd8 18. axb5 Bxe4 19. Rb2 axb5 20. dxc5 Nc6 21. Nd4 Ne5 22. Qxb5 Qxb5 23. Nxb5 Nc4 24. Rb4 Nxe3 25. fxe3 Rxf1+ 26. Kxf1 Rf8+ 27. Ke2 Bxg2 28. Nd4 Bf1+ 29. Ke1 Bf6 30. c6 Bh4+ 31. Kd1 Ba6 32. c7 Bc8 33. Rb8 Be7 34. Nb5 Bc5 35. Kd2 Kg7 36. Kd3 Kf6 37. Kc4 Bxe3 38. Nd6 Bf4 39. Rxc8 Rxc8 40. Nxc8 Bxc7 41. h3 Kg5 42. Ne7 Kh4 43. Kd4 Kxh3 44. Ke4 g5 45. Nd5 Bb8 46. Nf6 h6 47. Kf5 Bf4 48. c4 Kh4 49. c5 h5 50. Ke4 Bb8 51. Kf3 g4+ 52. Kg2 Kg5 53. Nd5 h4 54. c6 h3+ 55. Kg1 g3 56. c7 Ba7+ 57. Kf1 g2+ 58. Ke2 g1Q 59. c8Q Qg2+ 60. Ke1 Qe4+ 61. Kf1 Qf3+ 62. Ke1 Bf2+ 63. Kd2 Qxd5+ 64. Ke2 h2 65. Qc1+ Kg4 66. Qc8+ Qf5 67. Qc4+ Kg3 68. Qc3+ Kg2 69. Qc6+ Kh3 70. Qb7 Bg3 71. Qc6 Qf2+ 72. Kd3 Qf1+ 73. Ke3 h1Q 74. Qe6+ Kg2 75. Qd5+ Kg1 0-1

[Event "BCF-chT4 0607 (4NCL)"]
[Site "Sunningdale"]
[Date "2006.12.03"]
[Round "4.6"]
[White "McCarthy, Kevin"]
[Black "Auckland, Elliott"]
[Result "1-0"]
[WhiteElo "2055"]
[BlackElo "1850"]
[PlyCount "81"]
[EventDate "2006.09.16"]
[EventType "team"]
[EventRounds "11"]
[EventCountry "ENG"]
[SourceTitle "EXT 2008"]
[Source "ChessBase"]
[SourceDate "2007.11.25"]
[SourceVersion "1"]
[SourceVersionDate "2007.11.25"]
[SourceQuality "1"]
[WhiteTeam "Pandoras Box"]
[BlackTeam "Conquistadors"]
[WhiteTeamCountry "ENG"]
[BlackTeamCountry "ENG"]

1. d4 Nf6 2. Nf3 g6 3. Bf4 Bg7 4. e3 0-0 5. h3 b6 6. Nbd2 Bb7 7. Bd3 d6 8. 0-0 Nbd7 9. Re1 c5 10. c3 Rc8 11. c4 Nh5 12. Bh2 f5 13. Ng5 Rf6 14. d5 h6 15. Ne6 Rxe6 16. dxe6 Nf8 17. Bxf5 Bxb2 18. Rb1 Qe8 19. Bg4 Bc3 20. Rb3 Ba5 21. Rf1 Bxd2 22. Qxd2 Nf6 23. Qe2 Nxg4 24. Qxg4 h5 25. Qe2 Qc6 26. f4 Nxe6 27. f5 gxf5 28. Rxf5 Qe4 29. Rf2 Rf8 30. Rxf8+ Kxf8 31. Rb2 Ng5 32. Qxh5 Qxe3+ 33. Rf2+ Kg7 34. Bf4 Nf3+ 35. gxf3 Qxf4 36. Rg2+ Kf8 37. Qh8+ Kf7 38. Qg8+ Kf6 39. Qf8+ Ke5 40. Re2+ Be4 41. Rxe4+ 1-0

[Event "BCF-chT4 0607 (4NCL)"]
[Site "Sunningdale"]
[Date "2006.12.02"]
[Round "3.6"]
[White "Hewitt, Sean"]
[Black "Auckland, Elliott"]
[Result "0-1"]
[WhiteElo "1945"]
[BlackElo "1850"]
[PlyCount "124"]
[EventDate "2006.09.16"]
[EventType "team"]
[EventRounds "11"]
[EventCountry "ENG"]
[SourceTitle "EXT 2008"]
[Source "ChessBase"]
[SourceDate "2007.11.25"]
[SourceVersion "1"]
[SourceVersionDate "2007.11.25"]
[SourceQuality "1"]
[WhiteTeam "Leicester"]
[BlackTeam "Conquistadors"]
[WhiteTeamCountry "ENG"]
[BlackTeamCountry "ENG"]

1. e4 c5 2. Nc3 e6 3. Bc4 a6 4. a4 Nc6 5. d3 d6 6. f4 Nf6 7. Nf3 d5 8. exd5 exd5 9. Ba2 Qe7+ 10. Ne2 g6 11. 0-0 Bg7 12. Ng3 0-0 13. Re1 Qc7 14. c3 Bg4 15. h3 Bd7 16. Be3 b6 17. Qd2 Bh6 18. Ne2 Rae8 19. g4 Bxg4 20. hxg4 Nxg4 21. Bf2 Nce5 22. Bxd5 Nxf2 23. Kxf2 Ng4+ 24. Kg3 Nf6 25. Rh1 Rxe2 26. Qxe2 Qxf4+ 27. Kf2 Nxd5 28. Rae1 Nf6 29. Rh4 Ng4+ 30. Kg1 Bg5 31. Rh3 Nf6 32. Nxg5 Qxg5+ 33. Qg2 Qxg2+ 34. Kxg2 Rd8 35. Rf3 Kg7 36. Re7 Rd6 37. Rb7 g5 38. d4 cxd4 39. cxd4 Nd7 40. Re3 Kf8 41. Ra7 Rxd4 42. Rxa6 Rd2+ 43. Kg3 Rxb2 44. Ra8+ Kg7 45. Re7 Rb3+ 46. Kg4 Nf6+ 47. Kxg5 Rh3 48. Raa7 Rh5+ 49. Kf4 Kg6 50. Rxf7 Rf5+ 51. Ke3 Ng4+ 52. Ke4 Rxf7 53. Ra6 Rf6 54. a5 bxa5 55. Rxa5 h5 56. Ra8 Nh6 57. Ra1 h4 58. Rg1+ Kh5 59. Ke5 Rf5+ 60. Ke4 h3 61. Rh1 Kh4 62. Rg1 h2 0-1